| 000 | 00886nam a2200277 i 4500 | ||
|---|---|---|---|
| 001 | 000012269 | ||
| 003 | DO-SdBNP | ||
| 005 | 20250206101004.0 | ||
| 007 | ta | ||
| 008 | 091110t2004 dr 001 f spa d | ||
| 040 |
_aDO-SdBNP _bspa _cBNPHU _erda |
||
| 082 | 4 |
_aRD863.44 _bD611u _222 |
|
| 100 | 1 |
_aDisla, Edwin, _d1961- _eautor _928921 |
|
| 245 | 1 | 3 |
_aEl universo de los poetas muertos / _cEdwin Disla. |
| 264 |
_aSanto Domingo : _bLozano, _c2004. |
||
| 300 |
_a165 páginas : _bilustraciones ; _c22 cm. |
||
| 336 |
_2rdacontent _atexto _btxt |
||
| 337 |
_2rdamedia _asin mediación _bn |
||
| 338 |
_2rdacarrier _avolumen _bnc |
||
| 500 | _aIncluye datos biográficos del autor en la contracubierta | ||
| 590 | _aInventariado, 2020/BT | ||
| 650 | 0 |
_aNovela dominicana _9223 |
|
| 650 | 0 |
_aLiteratura dominicana. _967 |
|
| 910 | _aValidado. Control de calidad EMS | ||
| 942 |
_2ddc _cLBS1 |
||
| 999 |
_c11927 _d11927 |
||